| 000 | 00583nam a2200217 i 4500 | ||
|---|---|---|---|
| 001 | 114683 | ||
| 003 | ES-MaACL | ||
| 005 | 20230906190227.0 | ||
| 007 | q| | ||
| 008 | 070320q1934 sp ||||1| spa d | ||
| 080 | _a78.089.6 | ||
| 100 | 1 |
_aPeralta, M. _990375 |
|
| 245 | 1 | 0 |
_aGalicia : _bpaso doble ; Pericón gaucho [ _hMúsica impresa] / _cM. Peralta. |
| 246 | 3 | _aPericón gaucho | |
| 260 |
_aMadrid : _b[s.n., _c1934?] |
||
| 300 |
_a[7] h. ; _c25 cm. |
||
| 650 | 4 |
_aPartituras. _915877 |
|
| 852 | 4 |
_aES-MaACL _j1766-F-4 |
|
| 942 | _2udc | ||
| 999 |
_c114683 _d114683 |
||